000 00592nac a22001931u 4500
020 _a812612735* :
082 _a620.5
_bDIC
090 _c9102
_d9102
100 _a20080729
245 0 2 _aDictionary of nanotechnology /
_cedited by Thomas George.
246 3 0 _aNanotechnology
260 _aNew Delhi:
_bANMOL publications,2006.
_c2006.
300 _a282 p. :
_c20 cm.
500 _aDistributer: Al-Ahram
511 _aCatalogued by: Sara
650 0 _aNanotechnology
_vDictionaries.
700 1 _aGeorge, Thomas
942 _cNB
_k620.5DIC
999 _c9102
_d9102